Catalytic Asymmetric Conjugate Reactions
Gespeichert in:
| 1. Verfasser: | |
|---|---|
| Format: | Buch |
| Sprache: | Englisch |
| Veröffentlicht: |
Weinheim
Wiley-VCH-Verl.
2010
|
| Ausgabe: | 1. vyd. |
| Schlagworte: | |
| Online-Zugang: | Im OPAC anzeigen |
| Tags: |
Keine Tags, Fügen Sie das erste Tag hinzu!
|
MARC
| LEADER | 00000nam a2200000 a 4500 | ||
|---|---|---|---|
| 005 | 20260127134252.0 | ||
| 008 | 130620 2013 000 0 eng d | ||
| 020 | |a 9783527324118 | ||
| 035 | |a vtls010521463 | ||
| 039 | 9 | |y 201306200756 |z mschk03 | |
| 040 | |a STUSCHK1 |b slo |c STUSCHK1 |e AACR2 | ||
| 080 | |a 547.215 (DDC22ger) | ||
| 100 | 1 | |a Córdova, Armando | |
| 245 | 1 | |a Catalytic Asymmetric Conjugate Reactions | |
| 250 | |a 1. vyd. | ||
| 260 | |a Weinheim |b Wiley-VCH-Verl. |c 2010 | ||
| 300 | |a XVII, 447 s. |b ill. |c 25 cm | ||
| 650 | 0 | |a asymmetric synthesis | |
| 650 | 0 | |a Katalyse | |
| 910 | |a SCHK95 | ||
| 919 | |a 978-3-527-32411-8 | ||
| 999 | |c 8333 |d 8333 | ||